| 000 | 00950nam a2200277Ia 4500 | ||
|---|---|---|---|
| 005 | 20220317000348.0 | ||
| 008 | 141031s9999 ck 000 0 spa d | ||
| 020 | _a9789587710366 | ||
| 082 | 0 | 4 |
_a333.7 _bD86g |
| 100 | 1 | _aDuque Gómez, Ernesto | |
| 245 | 1 | 0 |
_aGeopolítica de los negocios y mercados verdes _cErnesto Duque Gómez |
| 250 | _a2a edición | ||
| 300 |
_axiii, 345 páginas _bilustraciones _c24 cm. |
||
| 490 | _aLibros universitarios Ecología y medio ambiente | ||
| 504 | _aIncluye bibliografía | ||
| 650 | 1 | 4 |
_2LEMB _aConsumo(Economía) _xAspectos ambientales |
| 650 | 1 | 4 |
_2LEMB _aDesarrollo sostenible |
| 650 | 1 | 4 |
_2LEMB _aDesarrollo económico _xAspectos ambientales |
| 650 | 1 | 4 |
_2LEMB _aNegocios _xAspectos ambientales |
| 942 |
_2ddc _cBK |
||
| 264 |
_aBogotá _bEcoe _c2014 |
||
| 336 |
_atexto _btxt _2rdacontent |
||
| 337 |
_asin mediación _bn _2rdamedia |
||
| 338 |
_avolumen _bnc _2rdacarrier |
||
| 040 |
_aCO-BoRNBP _bspa _erda _cCO-BoRNBP |
||
| 999 |
_c3839 _d3839 |
||